[Event "Vienna Chess Open 2019"]
[Site "Vienna"]
[Date "2019.08.19"]
[Round "4.7"]
[White "Huber, Martin Christian"]
[Black "Haldorsen, Benjamin"]
[Result "1/2-1/2"]
[WhiteElo "2337"]
[BlackElo "2337"]
[Annotator "TA"]
[PlyCount "125"]
[EventDate "2019.08.17"]
[EventType "swiss"]
[EventCountry "AUT"]
[SourceTitle "playchess.com"]
[Source "ChessBase"]
[SourceQuality "1"]

{[%evp 12,125,38,41,35,0,17,19,21,24,31,23,40,13,38,35,35,30,11,0,41,47,51,24,75,68,73,75,73,71,93,61,67,68,66,64,78,52,47,39,101,98,85,85,103,72,124,118,124,116,128,118,127,112,116,71,71,71,71,11,12,0,0,0,0,0,58,7,56,13,15,17,37,35,38,0,0,0,0,0,0,0,0,0,0,0,0,0,0,0,7,0,0,0,0,0,0,0,23,0,0,0,0,0,0,0,0,0,0,0,0,0,0,0,0,0]} 1. Nf3 c5 2. c4 Nc6 3. d4 cxd4 4. Nxd4 Nf6 5. Nc3 g6 6. g3 Bg7 7. Bg2 h5 {A38: Symmetrical English vs ...g6: 4 Bg2 Bg7 5 Nf3 Nf6} (7... O-O 8. O-O Qa5 9. e3 d6 10. h3 Bd7 11. Qe2 Rfc8 12. Rd1 a6 13. Bd2 Qd8 14. Rac1 Rab8 15. Nxc6 Bxc6 16. e4 Nd7 17. Bg5 h6 18. Be3 {½-½ (41) Ding,L (2778)-Bacrot,E (2718) Liaocheng 2018}) 8. h4 O-O 9. O-O Ng4 10. e3 Nge5 11. b3 d6 12. Nde2 $146 ({Predecessor:} 12. Nxc6 bxc6 13. Bb2 Rb8 14. Qc2 Qa5 15. Ne2 Bf5 16. e4 {½-½ (46) Guerrero Orihuela,J (1775)-Garcia Blanco,O (2269) Las Palmas 2017}) 12... Bg4 13. f3 Bd7 14. e4 a6 15. Be3 Rb8 (15... b5 $5) 16. a4 Nb4 17. a5 Ned3 {[#]} (17... b5 $11 {remains equal.}) 18. Bb6 $1 $16 {[%cal Rb6d8]} Qe8 19. Rb1 Rc8 20. Qd2 Kh7 21. Nd5 Nxd5 22. exd5 Nc5 23. Nd4 $1 Bf6 24. Rfe1 Rg8 25. f4 Qf8 ({Black should try} 25... Bg4 $14) 26. Re3 Qg7 27. Nf3 Rge8 28. Rbe1 Kg8 {[#]} (28... Bg4 $142) 29. Kh2 $1 Bg4 30. Bh3 Bxh3 31. Kxh3 Nd7 32. Bd4 Bxd4 33. Qxd4 (33. Nxd4 {is more complex.} Qf6 34. Kg2 Nf8 35. Nf3 Rc7 36. R3e2) 33... Qxd4 34. Nxd4 Kf8 35. Rc1 (35. f5 $16) 35... Nf6 $11 36. Rc2 Rc5 37. Ra2 Ng4 38. Re1 Rec8 (38... e6 $11) 39. Kg2 (39. f5 $1 $14) 39... R8c7 40. Nf3 Nh6 41. Nd2 Rc8 42. Ne4 R5c7 43. Kf2 Rb8 44. Nd2 Nf5 45. Re4 Ke8 46. Ra1 Kd7 47. Rae1 Rc5 48. Ra1 Rc7 49. Ra4 e6 50. dxe6+ fxe6 51. Ra1 b5 {White must now prevent ...bxc4.} 52. axb6 Rxb6 53. Ra5 Rc8 54. Re1 Nd4 55. Re4 (55. Re3 {is interesting.} Nf5 56. Rd3 Rbc6 57. Ne4 Ke7 58. Ra2) 55... Nxb3 {The position is equal.} 56. Nxb3 Rxb3 57. Rxa6 {[%mdl 4096] Endgame Strongly threatening Ra7+. KRR-KRR} Rc7 (57... Rb2+ {with more complications.} 58. Kf3 Ke7 59. Ra3 Kf6 60. Rae3 Re8) 58. Ra2 Rb8 59. Rae2 Re8 60. Kf3 Ra7 61. Kf2 Rc7 62. Kf3 Ra7 63. Kf2 {Accuracy: White = 61%, Black = 63%.} 1/2-1/2

[Event "Vienna Chess Open 2019"]
[Site "Vienna"]
[Date "2019.08.19"]
[Round "4.8"]
[White "Caglar, Sila"]
[Black "Gumularz, Szymon"]
[Result "0-1"]
[WhiteElo "2501"]
[BlackElo "2501"]
[Annotator "TA"]
[PlyCount "70"]
[EventDate "2019.08.17"]
[EventType "swiss"]
[EventCountry "AUT"]
[SourceTitle "playchess.com"]
[Source "ChessBase"]
[SourceQuality "1"]

{[%evp 22,70,59,26,38,31,75,67,70,63,66,43,19,18,10,-53,-45,-34,2,13,45,7,6,16,31,0,166,118,111,121,125,-11,-11,-12,-12,-371,-375,-383,-373,-535,-543,-1012,-942,-968,-962,-1421,-1403,-1550,-1537,-29992,-29993]} 1. e4 c5 2. Nf3 Nc6 3. d4 cxd4 4. Nxd4 Nf6 5. Nc3 d6 6. Bg5 e6 7. Qd2 a6 8. O-O-O Be7 9. f4 Bd7 10. Nf3 b5 11. Bxf6 gxf6 12. Bd3 b4 {B69: Sicilian: Richter-Rauzer: 7...a6 8 0-0-0 Bd7 9 f4 Be7 10 Nf3 b5 11 Bxf6} 13. Ne2 Qb6 (13... h5 14. f5 e5 15. Bc4 Qb6 16. Qd5 Rh7 17. Kb1 Rc8 18. Qd2 Na5 19. Bd5 Nc4 20. Bxc4 Rxc4 {1-0 (58) Shirov,A (2643)-Demchenko,A (2679) St Petersburg 2018}) 14. f5 Qc5 {White is slightly better.} 15. Kb1 a5 16. fxe6 fxe6 17. Qh6 $146 ({Predecessor:} 17. Nf4 a4 18. Qe2 Ne5 19. Nxe5 Qxe5 20. Qh5+ Qxh5 21. Nxh5 Ra5 22. Nf4 Rg8 23. Bc4 Re5 24. Rhe1 Rg4 25. g3 Kd8 26. Bf1 Kc7 {0-1 (26) Simtjenko,W-Staudler,H ICCF corr 1990}) 17... a4 18. e5 (18. Rhf1 $11) 18... Nxe5 19. Bxh7 b3 20. cxb3 Nf7 (20... axb3 $5 {[%cal Rc5c2]} 21. Rc1 Nf7 $11) 21. Qg7 {Black must now prevent Rc1.} Bf8 $132 {[%mdl 2048] Black has counterplay} 22. Qg6 {Strongly threatening bxa4.} axb3 23. axb3 Ke7 $2 (23... Qe3 $11 {and Black is okay.} 24. Nc3 Qh6 25. Qxh6 Bxh6) 24. Rhe1 {Hoping for Nf4.} Be8 25. Nf4 Ne5 26. Qe4 (26. Nxe5 $16 Bxg6+ 27. Nexg6+ Kd7 28. Nxh8) 26... Qa7 $11 27. Nxe5 fxe5 ({Reject} 27... dxe5 $6 28. Qc4 $16) 28. Ne2 $2 {[%mdl 8192]} (28. Qc4 $11 {and White stays safe.} Rxh7 29. Rxd6 $1 {[%mdl 512]}) 28... d5 $1 $19 {[%cal Rd5e4]} ({Less strong is} 28... Kd8 29. Bg6 $15) 29. Qxe5 Rxh7 {[#]} 30. Qg5+ (30. Nf4 $1 {[%mdl 512] is the only way for White.} Bg7 31. Qxe6+ Kf8 32. Qd6+ Kg8 {[#]} 33. Rxe8+ $1 {[%mdl 512]} Rxe8 34. Qxd5+ Qf7 35. Qxf7+ Kxf7 36. Rd7+ Re7 37. Rxe7+ Kxe7 38. h3) 30... Kd7 31. Nc3 {And now Nxd5! would win.} Rg7 32. Rxd5+ exd5 33. Qf5+ Kd8 34. Qxd5+ Rd7 35. Qg8 Qa1+ 0-1

[Event "Vienna Chess Open 2019"]
[Site "Vienna"]
[Date "2019.08.19"]
[Round "4.8"]
[White "Kaasen, Tor Fredrik"]
[Black "Markoja, Boris"]
[Result "1/2-1/2"]
[WhiteElo "2373"]
[BlackElo "2440"]
[Annotator "NA"]
[PlyCount "54"]
[EventDate "2019.08.17"]
[EventType "swiss"]
[EventCountry "AUT"]
[SourceTitle "playchess.com"]
[Source "ChessBase"]
[SourceQuality "1"]
[TimeControl "40/5400+30:1800+30"]

1. e4 {[%emt 0:00:00]} e6 {[%emt 0:00:00]} 2. d4 {[%emt 0:01:56]} d5 {[%emt 0:00:00]} 3. Nc3 {[%emt 0:00:10]} Nf6 {[%emt 0:00:00]} 4. e5 {[%emt 0:00:39]} Nfd7 {[%emt 0:00:02]} 5. f4 {[%emt 0:00:08]} c5 {[%emt 0:00:08]} 6. Nf3 {[%emt 0:00:06]} Nc6 {[%emt 0:00:09]} 7. Be3 {[%emt 0:00:06]} Be7 {[%emt 0:00:33]} 8. Qd2 {[%emt 0:01:29]} O-O {[%emt 0:00:38]} 9. dxc5 {[%emt 0:00:59]} Qa5 {[%emt 0:00:57]} 10. Bd3 {[%emt 0:04:03]} Nxc5 {[%emt 0:07:10]} 11. O-O {[%emt 0:02:30]} Nxd3 {[%emt 0:11:53]} 12. cxd3 {[%emt 0:01:00]} f6 {[%emt 0:00:39]} 13. exf6 {[%emt 0:05:22]} Bxf6 {[%emt 0:00:40]} 14. d4 {[%emt 0:02:49]} Bd7 {[%emt 0:01:15]} 15. a3 {[%emt 0:04:02]} Be8 {[%emt 0:11:53]} 16. Ng5 {[%emt 0:10:48]} Bxg5 {[%emt 0:03:32]} 17. b4 {[%emt 0:01:55]} Qc7 {[%emt 0:04:56]} 18. fxg5 {[%emt 0:00:19]} Bg6 {[%emt 0:00:41]} 19. Rac1 {[%emt 0:02:53]} Qd7 {[%emt 0:01:26]} 20. Bf4 {[%emt 0:05:20]} Rac8 {[%emt 0:01:37]} 21. Nb5 {[%emt 0:06:33]} Na5 {[%emt 0:14:28]} 22. Rxc8 {[%emt 0:12:32]} Rxc8 {[%emt 0:00:07]} 23. bxa5 {[%emt 0:01:11]} Qxb5 24. Bd6 Bd3 25. Qe3 Qd7 26. Qxd3 Qxd6 27. Qf3 Qe7 1/2-1/2

[Event "Vienna Chess Open 2019"]
[Site "Vienna"]
[Date "2019.08.19"]
[Round "4.8"]
[White "Paltrinieri, Nicholas"]
[Black "Fedorovsky, Michael"]
[Result "0-1"]
[WhiteElo "2310"]
[BlackElo "2310"]
[Annotator "TA"]
[PlyCount "58"]
[EventDate "2019.08.17"]
[EventType "swiss"]
[EventCountry "AUT"]
[SourceTitle "playchess.com"]
[Source "ChessBase"]
[SourceQuality "1"]

{[%evp 9,76,-4,-6,3,16,-11,0,2,-2,-8,11,11,11,8,18,-2,18,12,17,10,18,12,21,0,0,0,0,0,0,-133,-98,-111,-126,-118,-56,-58,-69,-167,-153,-157,0,0,0,0,0,-282,-293,-273,-279,-255,-144,-124,-44,-169,-147,-1644,-1635,-5606,-5497,-29981,-29980,-29980,-29981,-29980,-29981,-29980,-29980,-5877,-1738]} 1. d4 Nf6 2. Nc3 d5 3. Bf4 c5 4. e3 cxd4 5. exd4 a6 6. Nf3 {B13: Caro-Kann: Exchange Variation and Panov-Botvinnik Attack} (6. Bd3 Nc6 7. Nge2 Bg4 8. f3 Bh5 9. h4 Bg6 10. g4 e6 11. h5 Bxd3 12. Qxd3 h6 13. O-O-O {0-1 (50) Jobava,B (2646)-Nisipeanu,L (2657) Spilimbergo 2018}) 6... Nc6 7. Be2 Bg4 8. Ne5 {The position is equal.} Bxe2 9. Nxe2 Rc8 10. c3 e6 11. O-O Bd6 12. Nc1 $146 ({Predecessor:} 12. Nd3 O-O 13. Bxd6 Qxd6 {1-0 (56) Boguszlavszkij,J (2240)-Kislik,E (2320) Hungary 2011}) 12... O-O 13. Ncd3 Ne7 14. Qf3 Ne4 15. Qh3 Nf5 16. f3 Nxc3 17. bxc3 Rxc3 {And now ...f6 would win.} 18. Bd2 Rc2 19. Rfd1 (19. Be1 $11 {remains equal.}) 19... Qb6 $17 ({Reject} 19... Nxd4 $6 20. Kh1 $11) 20. Kh1 Qxd4 21. Bf4 {[#]} Qa4 (21... g5 $1 $17 {[%mdl 512]} 22. Qg4 (22. Bxg5 Bxe5) 22... f6) 22. g4 $15 Nd4 23. Rab1 {[#]} (23. g5 $15) 23... Ne2 $1 $19 {[%cal Re2f4]} 24. Bd2 {[#]} Rxa2 $2 ({Better is} 24... Bxe5 $1 $17 25. Nxe5 Qd4) 25. Qf1 $11 Nd4 {...f6 is the strong threat.} 26. Bb4 $1 {[%cal Rb4d6]} Nb5 27. Nc5 $2 {[%mdl 8192]} (27. Rdc1 $11) 27... Bxc5 $1 $19 ({Stronger than} 27... Qc2 28. Rd2 $14) 28. Bxc5 {[#]} Qf4 $1 {[%csl Ga2][%cal Rf4h2][%mdl 576] Double Attack} 29. Qh3 Qxe5 {Played: Nb5-c3} 0-1

[Event "Vienna Chess Open 2019"]
[Site "Vienna"]
[Date "2019.08.19"]
[Round "4.9"]
[White "Akesson, Ralf"]
[Black "Gilevych, Artem"]
[Result "0-1"]
[WhiteElo "2348"]
[BlackElo "2424"]
[Annotator "NA"]
[PlyCount "70"]
[EventDate "2019.08.17"]
[EventType "swiss"]
[EventCountry "AUT"]
[SourceTitle "playchess.com"]
[Source "ChessBase"]
[SourceQuality "1"]
[TimeControl "40/5400+30:1800+30"]

1. c4 {[%emt 0:04:23]} e6 {[%emt 0:00:00]} 2. d4 {[%emt 0:00:58]} d5 {[%emt 0:00:00]} 3. Nf3 {[%emt 0:00:23]} Nf6 {[%emt 0:00:02]} 4. g3 {[%emt 0:00:22]} dxc4 {[%emt 0:01:18]} 5. Bg2 {[%emt 0:00:17]} Nc6 {[%emt 0:00:11]} 6. Qa4 {[%emt 0:01:21]} Bb4+ {[%emt 0:00:47]} 7. Bd2 {[%emt 0:00:17]} Nd5 {[%emt 0:01:22]} 8. Bxb4 {[%emt 0:00:43]} Ndxb4 {[%emt 0:01:44]} 9. a3 {[%emt 0:04:16]} b5 {[%emt 0:05:24]} 10. Qxb5 {[%emt 0:00:31]} Nc2+ {[%emt 0:00:07]} 11. Kd2 {[%emt 0:00:40]} Nxa1 {[%emt 0:02:43]} 12. Qxc6+ {[%emt 0:00:23]} Bd7 {[%emt 0:00:07]} 13. Qxc4 {[%emt 0:00:14]} c5 {[%emt 0:02:16]} 14. Qa2 {[%emt 0:04:33]} Rc8 {[%emt 0:01:23]} 15. Qxa1 {[%emt 0:03:13]} O-O {[%emt 0:06:12]} 16. Rc1 {[%emt 0:08:10]} cxd4 {[%emt 0:02:59]} 17. Rxc8 {[%emt 0:01:52]} Bxc8 {[%emt 0:00:06]} 18. Ke1 {[%emt 0:06:09]} Bb7 {[%emt 0:15:14]} 19. Nbd2 {[%emt 0:02:10]} Qc7 {[%emt 0:01:37]} 20. Kf1 {[%emt 0:17:08]} Rc8 {[%emt 0:09:59]} 21. Ne1 {[%emt 0:04:49]} Ba6 {[%emt 0:04:45]} 22. Qb1 {[%emt 0:06:42]} Qa5 {[%emt 0:05:09]} 23. Ndf3 {[%emt 0:05:07]} e5 {[%emt 0:03:34]} 24. Qf5 {[%emt 0:10:15]} Rc1 {[%emt 0:09:43]} 25. Qe4 {[%emt 0:07:42]} g6 {[%emt 0:02:39]} 26. b4 {[%emt 0:06:24]} Qc7 {[%emt 0:01:17]} 27. Qd5 {[%emt 0:01:41]} Kf8 {[%emt 0:11:52]} 28. b5 {[%emt 0:02:08]} Bb7 {[%emt 0:00:11]} 29. Qb3 {[%emt 0:00:09]} Qc3 {[%emt 0:01:22]} 30. Qb4+ {[%emt 0:00:51]} Kg7 {[%emt 0:01:54]} 31. Qd6 {[%emt 0:01:01]} d3 {[%emt 0:02:30]} 32. Qxd3 {[%emt 0:00:20]} Bxf3 {[%emt 0:00:06]} 33. Qxc3 {[%emt 0:00:42]} Bxg2+ {[%emt 0:00:06]} 34. Kxg2 {[%emt 0:00:04]} Rxc3 {[%emt 0:00:02]} 35. Nd3 {[%emt 0:00:57]} e4 {[%emt 0:00:33]} 0-1

[Event "Vienna Chess Open 2019"]
[Site "Vienna"]
[Date "2019.08.19"]
[Round "4.9"]
[White "Fröwis, Georg"]
[Black "Ilic, Zoran S"]
[Result "1-0"]
[WhiteElo "2295"]
[BlackElo "2429"]
[Annotator "TA"]
[PlyCount "87"]
[EventDate "2019.08.17"]
[EventType "swiss"]
[EventCountry "AUT"]
[SourceTitle "playchess.com"]
[Source "ChessBase"]
[SourceQuality "1"]

{[%evp 19,87,67,67,0,62,51,58,0,61,52,60,51,60,43,45,44,83,85,89,70,80,68,72,60,60,61,93,81,82,81,143,134,125,88,143,140,122,147,134,0,0,-4,-6,-7,0,0,0,0,75,68,99,0,13,12,258,264,252,265,270,265,246,251,252,244,4602,4602,1978,1477,704,683]} 1. c4 Nf6 2. Nf3 g6 3. Nc3 Bg7 4. e4 d6 5. d4 O-O 6. Be2 c5 7. O-O Nc6 8. d5 Na5 9. Bf4 Nh5 10. Bd2 e5 11. a3 $146 {E91: King's Indian: Classical: 6 Be2, unusual replies including 6...c5 and 6...Bg4} ({White should play} 11. g3 $14) ({Predecessor:} 11. g3 Nf6 12. Nh4 Ne8 13. Qc2 b6 14. Bd3 Bh3 15. Rfe1 Kh8 16. b3 Nb7 17. f3 Nc7 18. Rab1 Qe7 {1-0 (56) Gleizerov,E (2553)-Damljanovic,B (2544) Paracin 2013}) 11... b6 (11... Nf4 $11) 12. b4 Nb7 13. Ne1 (13. g3 $14) 13... Nf6 (13... Nf4 $11) 14. Nd3 Ne8 15. Rb1 Bd7 16. Kh1 Rc8 17. Qb3 cxb4 18. axb4 a5 19. Be3 f5 $1 20. f3 Nf6 21. c5 bxc5 22. bxc5 Nxc5 23. Nxc5 dxc5 24. Qa3 c4 {[#]} (24... fxe4 $142 25. fxe4 Ng4) 25. Bb6 $1 $16 {[%cal Rb6d8]} Qe8 26. Bc5 Rf7 (26... fxe4 $142 27. fxe4 Rf7) 27. Bxc4 Bf8 28. d6 Be6 29. Nd5 (29. Bb5 $16 Qd8 30. exf5 gxf5 31. Rfd1) 29... Bxd5 $1 $11 30. Bxd5 Nxd5 31. exd5 Rd7 32. Rfe1 Qd8 33. Rb6 {[%cal Bb1b6,Bb6c6,Bc6c7][%mdl 32]} Qf6 (33... Qh4 $11 34. Rd1 (34. Rxe5 Qc4 $11) 34... a4) 34. Rc6 $16 Rcd8 35. Bb6 (35. Qc3 $16) 35... Re8 {[%cal Rd7d6]} 36. Qa4 $36 {[%mdl 2048] And now Rc7 would win. Black is under pressure.} Kf7 $2 (36... Qf7 $11) 37. Rc7 $18 ({Weaker is} 37. Bxa5 Bxd6 38. Bc3 f4 $14) 37... Rxc7 38. dxc7 ({Much less strong is} 38. Bxc7 $6 Bxd6 39. Qd7+ (39. Bxa5 Ra8 $11) 39... Re7 $18) 38... Qxb6 {[#]} 39. Qxe8+ $1 {[%mdl 576] Remove Defender} Kxe8 40. c8=Q+ Kf7 41. Qc6 Qxc6 $2 (41... Qb4 42. Rd1 Bd6) 42. dxc6 {White is clearly winning.} Bd6 43. Rc1 Bc7 44. Rd1 {Accuracy: White = 56%, Black = 40%.} 1-0

[Event "Vienna Chess Open 2019"]
[Site "Vienna"]
[Date "2019.08.19"]
[Round "4.9"]
[White "Pieper, Thomas"]
[Black "Kindermann, Stefan"]
[Result "1-0"]
[WhiteElo "2234"]
[BlackElo "2234"]
[Annotator "NA"]
[PlyCount "69"]
[EventDate "2019.08.17"]
[EventType "swiss"]
[EventCountry "AUT"]
[SourceTitle "playchess.com"]
[Source "ChessBase"]
[SourceQuality "1"]
[TimeControl "40/5400+30:1800+30"]

1. e4 {[%emt 0:00:00]} e6 {[%emt 0:00:00]} 2. d4 {[%emt 0:00:00]} d5 {[%emt 0:00:00]} 3. Nc3 {[%emt 0:00:02]} Nf6 {[%emt 0:00:21]} 4. e5 {[%emt 0:00:13]} Nfd7 {[%emt 0:00:07]} 5. f4 {[%emt 0:00:17]} c5 {[%emt 0:00:26]} 6. Nf3 {[%emt 0:00:07]} Nc6 {[%emt 0:00:20]} 7. Be3 {[%emt 0:00:09]} cxd4 {[%emt 0:00:29]} 8. Nxd4 {[%emt 0:00:09]} Bc5 {[%emt 0:00:09]} 9. Qd2 {[%emt 0:00:29]} O-O {[%emt 0:00:22]} 10. O-O-O {[%emt 0:00:51]} a6 {[%emt 0:00:29]} 11. Qf2 {[%emt 0:01:21]} Qe7 {[%emt 0:01:04]} 12. Kb1 {[%emt 0:07:07]} Nxd4 {[%emt 0:00:57]} 13. Bxd4 {[%emt 0:00:06]} b5 {[%emt 0:00:22]} 14. Bd3 {[%emt 0:17:34]} Bxd4 {[%emt 0:01:25]} 15. Qxd4 {[%emt 0:00:06]} b4 {[%emt 0:00:11]} 16. Na4 {[%emt 0:06:12]} Bb7 {[%emt 0:15:50]} 17. f5 {[%emt 0:12:10]} exf5 {[%emt 0:03:03]} 18. Bxf5 {[%emt 0:01:40]} Nxe5 {[%emt 0:08:13]} 19. Rhe1 {[%emt 0:03:09]} f6 {[%emt 0:09:30]} 20. Nc5 {[%emt 0:02:57]} Bc6 {[%emt 0:03:46]} 21. Nd3 {[%emt 0:05:10]} a5 {[%emt 0:05:32]} 22. Nxe5 {[%emt 0:02:06]} fxe5 {[%emt 0:00:06]} 23. Rxe5 {[%emt 0:01:38]} Qf6 {[%emt 0:01:32]} 24. Bg4 {[%emt 0:08:33]} Rad8 {[%emt 0:06:13]} 25. Bf3 {[%emt 0:01:21]} Rd6 {[%emt 0:08:07]} 26. Rde1 {[%emt 0:05:03]} Rc8 {[%emt 0:07:53]} 27. Qc5 {[%emt 0:14:42]} Qg6 {[%emt 0:11:13]} 28. Bxd5+ {[%emt 0:04:01]} Rxd5 {[%emt 0:00:59]} 29. Rxd5 {[%emt 0:00:11]} Bb7 {[%emt 0:00:29]} 30. Rf1 {[%emt 0:04:18]} h6 {[%emt 0:08:14]} 31. Rd6 {[%emt 0:00:37]} Qxg2 {[%emt 0:00:18]} 32. Qf2 {[%emt 0:00:10]} Qe4 {[%emt 0:02:30]} 33. Rd7 {[%emt 0:00:42]} Bd5 {[%emt 0:01:08]} 34. Re1 {[%emt 0:01:30]} Qc4 {[%emt 0:00:30]} 35. b3 {[%emt 0:00:46]} 1-0

[Event "Vienna Chess Open 2019"]
[Site "Vienna"]
[Date "2019.08.19"]
[Round "4.10"]
[White "Gelbenegger, Patrick"]
[Black "Janik, Igor"]
[Result "0-1"]
[WhiteElo "2483"]
[BlackElo "2483"]
[Annotator "ChessBase"]
[PlyCount "70"]
[EventDate "2019.08.17"]
[EventType "swiss"]
[EventCountry "AUT"]
[SourceTitle "playchess.com"]
[Source "ChessBase"]
[SourceQuality "1"]
[TimeControl "40/5400+30:1800+30"]

1. e4 {[%emt 0:01:49]} c6 {[%emt 0:00:00]} 2. d4 {[%emt 0:00:06]} d5 {[%emt 0:00:00]} 3. exd5 {[%emt 0:00:09]} cxd5 {[%emt 0:00:00]} 4. Bd3 {[%emt 0:00:10]} Nc6 {[%emt 0:00:00]} 5. c3 {[%emt 0:00:13]} g6 {[%emt 0:00:05]} 6. Nf3 {[%emt 0:03:17]} Bf5 {[%emt 0:00:09]} 7. Bxf5 {[%emt 0:03:32]} gxf5 {[%emt 0:00:08]} 8. Bf4 {[%emt 0:00:55]} e6 {[%emt 0:00:08]} 9. Qb3 {[%emt 0:03:35]} Qd7 {[%emt 0:00:56]} 10. Nbd2 {[%emt 0:10:23]} Nge7 {[%emt 0:00:48]} 11. h3 {[%emt 0:03:18]} Ng6 {[%emt 0:00:59]} 12. Bh2 {[%emt 0:00:14]} Bh6 {[%emt 0:01:48]} 13. O-O {[%emt 0:04:31]} O-O {[%emt 0:00:20]} 14. Rfe1 {[%emt 0:03:45]} Kh8 {[%emt 0:02:35]} 15. Nf1 {[%emt 0:04:18]} Rg8 {[%emt 0:02:55]} 16. Kh1 {[%emt 0:01:18]} Rg7 {[%emt 0:13:56]} 17. Ng3 {[%emt 0:08:15]} Nf4 {[%emt 0:01:20]} 18. Qc2 {[%emt 0:08:12]} Rag8 {[%emt 0:03:38]} 19. Nh4 {[%emt 0:10:41]} f6 {[%emt 0:08:37]} 20. Rf1 {[%emt 0:04:36]} Ne7 {[%emt 0:00:44]} 21. Rae1 {[%emt 0:02:33]} b5 {[%emt 0:06:21]} 22. Nf3 {[%emt 0:03:29]} Nc8 {[%emt 0:12:20]} 23. Nd2 {[%emt 0:05:40]} Nd6 {[%emt 0:02:00]} 24. Nb3 {[%emt 0:01:52]} Ne4 {[%emt 0:03:01]} 25. Nc5 {[%emt 0:00:31]} Qc8 {[%emt 0:02:52]} 26. b4 {[%emt 0:01:44]} e5 {[%emt 0:01:39]} 27. a4 {[%emt 0:03:21]} bxa4 {[%emt 0:02:01]} 28. Ra1 {[%emt 0:01:11]} Nxc5 {[%emt 0:01:51]} 29. bxc5 {[%emt 0:01:04]} e4 {[%emt 0:04:52]} 30. Qxa4 {[%emt 0:02:08]} Nxg2 {[%emt 0:00:20]} 31. Qa6 {[%emt 0:02:35]} Nh4 {[%emt 0:00:08]} 32. Qxf6 {[%emt 0:01:27]} Bg5 {[%emt 0:00:26]} 33. Qa6 {[%emt 0:03:08]} Qe8 {[%emt 0:00:44]} 34. Qd6 {[%emt 0:00:42]} f4 {[%emt 0:00:40]} 35. Ne2 {[%emt 0:01:28]} Qh5 {[%emt 0:00:59]} 0-1

[Event "Vienna Chess Open 2019"]
[Site "Vienna"]
[Date "2019.08.19"]
[Round "4.10"]
[White "Handler, Lukas"]
[Black "Pacan-Milej, Kosma"]
[Result "1-0"]
[WhiteElo "2411"]
[BlackElo "2411"]
[Annotator "NA"]
[PlyCount "81"]
[EventDate "2019.08.17"]
[EventType "swiss"]
[EventCountry "AUT"]
[SourceTitle "playchess.com"]
[Source "ChessBase"]
[SourceQuality "1"]
[TimeControl "40/5400+30:1800+30"]

1. d4 {[%emt 0:00:00]} Nf6 {[%emt 0:00:00]} 2. c4 {[%emt 0:00:00]} c5 {[%emt 0:00:00]} 3. d5 {[%emt 0:00:00]} b5 {[%emt 0:00:00]} 4. cxb5 {[%emt 0:00:33]} a6 {[%emt 0:00:00]} 5. bxa6 {[%emt 0:00:40]} g6 {[%emt 0:00:00]} 6. Nc3 {[%emt 0:00:18]} Bg7 {[%emt 0:00:04]} 7. e4 {[%emt 0:00:20]} O-O {[%emt 0:00:23]} 8. a7 {[%emt 0:00:12]} Rxa7 {[%emt 0:00:06]} 9. Nf3 {[%emt 0:00:10]} e6 {[%emt 0:01:02]} 10. Be2 {[%emt 0:00:11]} exd5 {[%emt 0:00:08]} 11. exd5 {[%emt 0:00:08]} d6 {[%emt 0:00:13]} 12. O-O {[%emt 0:00:09]} Re8 {[%emt 0:00:43]} 13. Bb5 {[%emt 0:03:22]} Bd7 {[%emt 0:08:04]} 14. Bc4 {[%emt 0:00:24]} Qb6 {[%emt 0:16:12]} 15. a4 {[%emt 0:27:01]} Ne4 {[%emt 0:10:23]} 16. Nb5 {[%emt 0:02:32]} Ra8 {[%emt 0:01:05]} 17. Ra3 {[%emt 0:13:04]} Na6 {[%emt 0:02:02]} 18. Re3 {[%emt 0:03:32]} Nb4 {[%emt 0:15:39]} 19. Rfe1 {[%emt 0:06:13]} Nf6 {[%emt 0:03:03]} 20. Rxe8+ {[%emt 0:01:43]} Bxe8 {[%emt 0:01:01]} 21. Nc3 {[%emt 0:01:30]} Bd7 {[%emt 0:03:32]} 22. h3 {[%emt 0:05:12]} h6 {[%emt 0:03:07]} 23. b3 {[%emt 0:07:45]} Bf5 {[%emt 0:06:38]} 24. Re2 {[%emt 0:01:09]} g5 {[%emt 0:04:02]} 25. h4 {[%emt 0:03:15]} g4 {[%emt 0:02:26]} 26. Nh2 {[%emt 0:00:52]} Nd7 {[%emt 0:02:48]} 27. Ne4 {[%emt 0:01:12]} Ne5 {[%emt 0:03:10]} 28. Ng3 {[%emt 0:00:56]} Bg6 {[%emt 0:01:13]} 29. h5 {[%emt 0:02:02]} Bh7 {[%emt 0:00:19]} 30. Rxe5 {[%emt 0:04:39]} dxe5 {[%emt 0:00:20]} 31. Nxg4 {[%emt 0:01:14]} Kh8 {[%emt 0:05:18]} 32. Qf3 {[%emt 0:03:24]} f5 {[%emt 0:02:59]} 33. Nxf5 {[%emt 0:01:26]} Rf8 {[%emt 0:00:10]} 34. Nge3 {[%emt 0:00:35]} Qf6 {[%emt 0:00:52]} 35. Nxg7 {[%emt 0:04:31]} Qxf3 {[%emt 0:00:16]} 36. gxf3 {[%emt 0:00:04]} Kxg7 {[%emt 0:00:04]} 37. Ng4 {[%emt 0:00:33]} Rxf3 {[%emt 0:01:50]} 38. Bxh6+ {[%emt 0:00:21]} Kh8 {[%emt 0:00:04]} 39. Nxe5 {[%emt 0:00:25]} Rf5 {[%emt 0:00:48]} 40. f4 {[%emt 0:02:44]} Rxh5 {[%emt 0:01:54]} 41. Bg5 {[%emt 0:31:50]} 1-0